000 01619nam a2200277Ia 4500
999 _c39376
_d39376
001 5965
003 GE_BSU
005 20191030123052.0
008 181216s2009||||ge |||||||||||||| ||geo||
020 _a9789941142949
040 _cGE_BSU
041 _ageo
080 _a622.692.4.07 ვ-21
100 _aვარშალომიძე, გ.
_95098
245 _aმაგისტრალური ნავთობსადენები, გაზსადენები და მიწისქვეშა გაზსაცავები :
_bდაპროექტება, მშენებლობა და ექსპლუატაცია. მონოგრაფია /
_cგ. ვარშალომიძე, ი. გოგუაძე ; მთ. რედ. ცოტნე მირცხულავა.
264 _aთბილისი :
_bტექნიკური უნ-ტი,
_c2009.
300 _a651 გვ. :
_bცხრ., ნახ. ;
_c21 სმ.
501 _a ანბ. საძ.: გვ. 623-630.
504 _aბიბლიოგრ.: გვ. 631-633.
653 _aნავთობსადენების მშენებლობა;
653 _aაირსაცავების მშენებლობა;
700 _aგოგუაძე, ირაკლი;
_eავტორი
_95099
700 _aმირცხულავა, ცოტნე
_eრედაქტორი
_95100
710 _a საქართველოს ტექნიკური უნივერსიტეტი
_95101
942 _cBK
_2udc